00724 2200229 4500001002100000005001700021008004100038035002500079040001200104082001400116084001900130100001800149245009500167260005800262300003800320500004100358504002500399650002300424700001700447850001200464990001800476INLIS00000000000854620150807101021.0  a0010-071500000001229 aYOPDYOG 223a628.4 aSK 628.4 Adi E aADIN Wahyudin aEvaluasi pengangkutan sampah : Studi kasus pasar-pasar di Kota Yogyakartac/ Adin Wahyudin aYogyakartabUniversitas Muhammadiyah Yogyakartac2005 axi, 39 lembar. : ilus.c; 29,5 cm aSkripsi Teknik Sipil Fakultas Teknik aBibliografi: hlm. 39 aSampah, Pembuangan aBURHAN Barid aYOPDYOG a46976-PD/A.15